00629nam a2200169 a 450000100100000000500170001000800410002704000250006808200160009310000420010924500710015126000860022230000110030804900090031995201140032899900170044200001328920200929163204.0091123s19uu dr 001 0 spa d aDO-SdBNPbspacBNPHU axxxxbH557a1 aHernández Acosta, Ángel A.93048410aAntorchas de lealtad trujillista /cÁngel A. Hernández Acosta. aCiudad Trujillo, República Dominicana :bLa Palabra de Santo Domingo.,c[196?]. c24 cm. aBNPD 0010718PDaPDbPDcCTd2009-11-23iLF1l0oxxxx H557ap13289-10r2020-06-25w2020-06-25yLFPDZNo se presta c12919d12919